[Event "Senta January op"]
[Site "Senta"]
[Date "2010.02.05"]
[Round "7"]
[White "Aleksic, Zvonimir"]
[Black "Djurovic, Radoje"]
[Result "1-0"]
[WhiteElo "2007"]
[BlackElo "1956"]
[PlyCount "135"]
[EventDate "2010.01.22"]
[EventType "swiss"]
[EventRounds "9"]
[EventCountry "YUG"]
[SourceTitle "EXT 2011"]
[Source "ChessBase"]
[SourceDate "2010.11.26"]
[SourceVersion "1"]
[SourceVersionDate "2010.11.26"]
[SourceQuality "1"]

1. e4 e5 2. Nf3 Nc6 3. Bb5 a6 4. Ba4 Nf6 5. 0-0 b5 6. Bb3 Be7 7. Re1 d6 8. c3 0-0 9. d3 Na5 10. Bc2 c5 11. Nbd2 Qb6 12. Nf1 h6 13. h3 Nc6 14. Ng3 Be6 15. Be3 Qc7 16. Qd2 Kh7 17. d4 Na5 18. b3 Rac8 19. Rac1 Rfd8 20. Bb1 Ng8 21. d5 Bd7 22. c4 b4 23. Nh2 Bh4 24. Nf5 Bxf5 25. exf5 Kh8 26. Nf3 Be7 27. g4 Rf8 28. Rcd1 f6 29. Nh4 Nb7 30. Ng6+ Kh7 31. Nxf8+ Rxf8 32. Be4 Nd8 33. Qe2 Nf7 34. h4 Qd8 35. Kh2 a5 36. Rg1 Qd7 37. Rg3 Bd8 38. Rdg1 Ne7 39. Qf3 Rh8 40. g5 hxg5 41. hxg5 Kg8+ 42. Rh3 Rxh3+ 43. Qxh3 fxg5 44. Bxg5 Nxg5 45. Rxg5 Kf8 46. Qh8+ Ng8 47. f6 Bxf6 48. Bf5 g6 49. Bxd7 Bxh8 50. Rxg6 Nf6 51. Be6 Bg7 52. Kg2 Nh5 53. Kf3 Nf4 54. Rg4 Nd3 55. Rg1 Nb2 56. Ke4 a4 57. Rb1 a3 58. f3 Ke7 59. Rh1 Kf6 60. Bg8 Bf8 61. Bh7 Bg7 62. Bf5 Kf7 63. Ke3 e4 64. Bxe4 Bd4+ 65. Kf4 Bc3 66. Bc2 Kf6 67. Rh6+ Ke7 68. Kf5 1-0

[Event "Senta op-B 12th"]
[Site "Senta"]
[Date "2008.07.23"]
[Round "7"]
[White "Vucinic, Gojko"]
[Black "Djurovic, Radoje"]
[Result "1-0"]
[WhiteElo "1889"]
[BlackElo "2023"]
[PlyCount "63"]
[EventDate "2008.07.18"]
[EventType "swiss"]
[EventRounds "9"]
[EventCountry "YUG"]
[SourceTitle "CBM 125 Extra"]
[Source "ChessBase"]
[SourceDate "2008.09.01"]
[SourceVersion "1"]
[SourceVersionDate "2008.09.01"]
[SourceQuality "1"]

1. e4 c5 2. Nf3 Nc6 3. d4 cxd4 4. Nxd4 g6 5. Nc3 Bg7 6. Be3 d6 7. f3 Nf6 8. Qd2 a6 9. Bc4 Qc7 10. Bb3 Na5 11. 0-0-0 Nxb3+ 12. axb3 b5 13. Bh6 Bxh6 14. Qxh6 b4 15. Na4 e5 16. Qg7 Ke7 17. Qxh8 exd4 18. Rxd4 Be6 19. Qxa8 Bxb3 20. Rd2 Bxa4 21. Qxa6 Bc6 22. Rhd1 b3 23. Qc4 Qa5 24. cxb3 Bb5 25. Qd4 Ne8 26. e5 Qa6 27. exd6+ Kd7 28. Qe5 Kc8 29. d7+ Bxd7 30. Rxd7 Qc6+ 31. Qc3 Qxc3+ 32. bxc3 1-0

[Event "Senta op"]
[Site "Senta"]
[Date "2007.02.10"]
[Round "8"]
[White "Djurovic, Radoje"]
[Black "Novak, Tamas"]
[Result "1-0"]
[WhiteElo "2042"]
[BlackElo "1865"]
[PlyCount "87"]
[EventDate "2007.01.19"]
[EventType "swiss"]
[EventRounds "9"]
[EventCountry "SRB"]
[SourceTitle "EXT 2022"]
[Source "ChessBase"]
[SourceDate "2021.10.06"]
[SourceVersion "1"]
[SourceVersionDate "2021.10.06"]
[SourceQuality "1"]

1. e4 e5 2. f4 d5 3. exd5 e4 4. Nc3 Nf6 5. Bb5+ Bd7 6. Qe2 Be7 7. d4 0-0 8. Bxd7 Qxd7 9. Nxe4 Qxd5 10. Nxf6+ Bxf6 11. c3 Nd7 12. Qf3 Rfe8+ 13. Kf2 Qb5 14. Ne2 c5 15. Rd1 cxd4 16. Nxd4 Bxd4+ 17. Rxd4 Nc5 18. b4 Na4 19. Bd2 Rad8 20. Re1 Rxd4 21. Rxe8+ Qxe8 22. cxd4 Qb5 23. Qe4 Nb2 24. f5 Nc4 25. Bf4 Qxb4 26. Qe8+ Qf8 27. Qd7 Nb6 28. Qxb7 Qd8 29. Qb8 Qxb8 30. Bxb8 a6 31. Kf3 Kf8 32. Ke4 Ke7 33. Ba7 Nc4 34. Bc5+ Kd7 35. g4 Nd2+ 36. Kf4 Kc7 37. Bf8 Kc6 38. Bb4 g5+ 39. Kxg5 Nf3+ 40. Kf6 Nxh2 41. Kxf7 Nxg4 42. Ke6 h5 43. d5+ Kb7 44. d6 1-0

[Event "Senta op"]
[Site "Senta"]
[Date "2007.02.03"]
[Round "6"]
[White "Kajari, Istvan"]
[Black "Djurovic, Radoje"]
[Result "1-0"]
[WhiteElo "2249"]
[BlackElo "2042"]
[PlyCount "97"]
[EventDate "2007.01.19"]
[EventType "swiss"]
[EventRounds "9"]
[EventCountry "SRB"]
[SourceTitle "EXT 2022"]
[Source "ChessBase"]
[SourceDate "2021.10.06"]
[SourceVersion "1"]
[SourceVersionDate "2021.10.06"]
[SourceQuality "1"]

1. d4 d5 2. c4 c6 3. Nc3 e6 4. e4 Bb4 5. e5 f6 6. a3 Ba5 7. b4 Bc7 8. f4 f5 9. Nf3 Nh6 10. Be2 0-0 11. 0-0 b6 12. h3 Ba6 13. c5 Bxe2 14. Qxe2 Nd7 15. Ng5 Re8 16. Qh5 Re7 17. Be3 Nf8 18. Kh2 Qe8 19. Qf3 Nf7 20. Nxf7 Rxf7 21. g4 Ng6 22. gxf5 Rxf5 23. Ne2 Rf7 24. Qg4 Qd7 25. Ng3 Ne7 26. Nh5 Kh8 27. Rg1 Nf5 28. Bf2 Bd8 29. Rg2 Be7 30. Rag1 g6 31. Ng3 Nh4 32. Rc1 h5 33. Qe2 Nxg2 34. Kxg2 h4 35. Nh1 Rxf4 36. Be3 Rf5 37. Nf2 b5 38. Ng4 a5 39. Nh6 Rh5 40. Rf1 Rf8 41. bxa5 Kg7 42. Ng4 Rhf5 43. Bh6+ Kh7 44. Bxf8 Bxf8 45. Nf6+ Rxf6 46. exf6 Qc7 47. Qg4 Qxa5 48. Qxh4+ Bh6 49. f7 1-0